000 00608nam a22002057a 4500
003 OSt
008 260505b |||||||| |||| 00| 0 eng d
082 _a635.652
_bM84I
100 _aMritunjay Kumar
245 _aIntegrated Nutrient Management for Optimising Rajmash (Phaseolus vulgaris, L.) Production on Sandy Loam Soil of North Bihar /
_cby Mritunjay Kumar
260 _a.- Pusa, Samastipur
_b: RAU
_c, 1999
300 _a124p.
502 _bPh. D.
_d1999
650 _aAgronomy
650 _aRajmash Production
650 _aNorth Bihar
650 _aThesis
650 _aPh. D.
942 _2ddc
_cT
999 _c50427
_d50427